Most Common Languages by Canadian Province - Statistics

General Stats
  • This quiz has been taken 388 times
  • The average score is 9 of 15
Answer Stats
# Provinces Language % Correct
5 Spanish
96%
8 Chinese
93%
8 German
90%
5 Arabic
86%
2 Italian
85%
2 Korean
75%
4 Tagalog
72%
2 Dutch
66%
4 Punjabi
58%
2 Ukrainian
57%
1 Greek
56%
1 Inuktitut
44%
4 Algonquian
36%
1 Mi'kmaq
9%
1 Na-Dene
6%
No matching quizzes found
Score Distribution
Percent of People with Each Score
Percentile by Number Answered
Your Score History
You have not taken this quiz